[Event "I C.to Europeo seniores"]
[Site "Saint Vincent - Chatillon ITA"]
[Date "2001.09.17"]
[Round "3"]
[White "Semasev, Kim"]
[Black "Tatai, Stefano"]
[Result "1/2-1/2"]
[WhiteElo "2300"]
[BlackElo "2350"]
[PlyCount "61"]
[EventDate "2001.09.15"]

1.e4 c5 2.Nf3 d6 3.d4 Nf6 4.Nc3 cxd4 5.Nxd4 a6 6.Be3 Ng4 7.Bg5 h6 8.Bh4 g5
9.Bg3 Bg7 10.Bc4 Qa5 11.Ne2 Nc6 12.Qd5 Be6 13.Qxa5 Nxa5 14.Bxe6 fxe6 15.
O-O-O Rc8 16.h4 Nc4 17.hxg5 hxg5 18.Rxh8+ Bxh8 19.Nd4 Kf7 20.Nce2 Bf6 21.
Rh1 Rh8 22.Rxh8 Bxh8 23.b3 Nce5 24.Kd2 Ng6 25.f3 Nh6 26.c4 Bxd4 27.Nxd4 
Nf4 28.Bxf4 gxf4 29.Ne2 e5 30.Nc3 Ke6 31.b4 1/2-1/2

[Event "I C.to Europeo seniores"]
[Site "Saint Vincent - Chatillon ITA"]
[Date "2001.09.19"]
[Round "5"]
[White "Arkhangelsky, Boris"]
[Black "Tatai, Stefano"]
[Result "1/2-1/2"]
[WhiteElo "2416"]
[BlackElo "2350"]
[PlyCount "25"]
[EventDate "2001.09.15"]

1.d4 Nf6 2.Nf3 e6 3.c4 d5 4.Nc3 Bb4 5.Bg5 Nbd7 6.cxd5 exd5 7.Rc1 c6 8.a3 
Bd6 9.e3 O-O 10.Bd3 Re8 11.O-O Nf8 12.Bh4 Bg4 13.Bg3 1/2-1/2

[Event "I C.to Europeo seniores"]
[Site "Saint Vincent - Chatillon ITA"]
[Date "2001.09.19"]
[Round "5"]
[White "Chehlov, Aleksander"]
[Black "Rahls, Peter"]
[Result "1-0"]
[WhiteElo "2267"]
[BlackElo "2320"]
[PlyCount "85"]
[EventDate "2001.09.15"]

1.e4 c5 2.Nf3 e6 3.c3 d5 4.exd5 exd5 5.d4 Nc6 6.Be3 Qb6 7.Qb3 c4 8.Qc2 Bf5
9.Qc1 Bd6 10.Nbd2 Nf6 11.h3 Rc8 12.Be2 O-O 13.O-O Rfe8 14.Re1 Bb8 15.Nf1 
Ne7 16.Ne5 Ng6 17.Ng3 Qe6 18.Nxf5 Qxf5 19.f4 Rcd8 20.Rf1 Qc8 21.Qe1 Nf8 
22.Bf3 Ne4 23.Bh5 Re7 24.Bf3 f6 25.Bxe4 fxe5 26.fxe5 dxe4 27.Bg5 Rde8 28.
Bxe7 Rxe7 29.Qxe4 Qc6 30.Qf5 Ng6 31.Rf2 Qd7 32.Qe4 Qc6 33.Qf5 Qd7 34.Qh5 
Bc7 35.Raf1 Qd5 36.Qf5 Re8 37.h4 Kh8 38.h5 Ne7 39.Qg4 Rg8 40.Rf8 g6 41.Qg5
Qe6 42.R1f6 Qd7 43.Rd6 1-0

[Event "I C.to Europeo seniores"]
[Site "Saint Vincent - Chatillon ITA"]
[Date "2001.09.19"]
[Round "5"]
[White "Cibulka, Vladimir"]
[Black "Orev, Petar"]
[Result "1-0"]
[WhiteElo "2321"]
[BlackElo "2245"]
[PlyCount "151"]
[EventDate "2001.09.15"]

1.d4 Nc6 2.Nf3 d5 3.Bf4 Bg4 4.Nbd2 e6 5.e3 Bd6 6.Bxd6 cxd6 7.c3 Nf6 8.Be2 
O-O 9.O-O Rb8 10.h3 Bh5 11.g4 Bg6 12.Nh4 b5 13.Nxg6 hxg6 14.Qc2 Na5 15.b4 
Nc4 16.Nxc4 dxc4 17.a4 a6 18.axb5 axb5 19.Bf3 Nd7 20.Ra5 d5 21.Bg2 f5 22.
f4 g5 23.gxf5 Rxf5 24.e4 dxe4 25.Qxe4 Qf6 26.fxg5 Rxf1+ 27.Bxf1 Qxg5+ 28.
Kh1 Qd5 29.Bg2 Qxe4 30.Bxe4 Rb6 31.Kg2 Kf7 32.Kf3 Ke7 33.Kf4 Kd6 34.h4 Rb8
35.Bf3 Rf8+ 36.Ke3 Rb8 37.h5 Rb6 38.Kf4 e5+ 39.dxe5+ Nxe5 40.Ra7 g5+ 41.
Kg3 Nxf3 42.Kxf3 Ke5 43.Re7+ Kf5 44.Rf7+ Ke6 45.Rh7 Kf5 46.Rf7+ Ke6 47.Rc7
Ra6 48.Kg4 Kf6 49.h6 Kg6 50.h7 Ra8 51.Rb7 Rf8 52.Rxb5 Rf4+ 53.Kg3 Kxh7 54.
Rxg5 Re4 55.Kf3 Rh4 56.Ke3 Kh6 57.Rc5 Kg7 58.b5 Kf7 59.b6 Rh6 60.Rb5 Rh8 
61.Kd4 Ke6 62.Kxc4 Kd6 63.Rg5 Kc6 64.Rg6+ Kb7 65.Kb4 Ka6 66.c4 Rh4 67.Kc5 
Rf4 68.Rd6 Rh4 69.Rd7 Rh5+ 70.Kc6 Rh6+ 71.Rd6 Rh8 72.c5 Rc8+ 73.Kd5 Kb5 
74.b7 Rb8 75.Rb6+ Ka5 76.Kc4 1-0

[Event "I C.to Europeo seniores"]
[Site "Saint Vincent - Chatillon ITA"]
[Date "2001.09.19"]
[Round "5"]
[White "Csom, Istvan"]
[Black "Taimanov, Mark E."]
[Result "1/2-1/2"]
[WhiteElo "2415"]
[BlackElo "2439"]
[PlyCount "53"]
[EventDate "2001.09.15"]

1.c4 e5 2.d3 Bb4+ 3.Nd2 a5 4.Nf3 Nc6 5.e3 Nf6 6.Be2 O-O 7.O-O Re8 8.a3 Bf8
9.b3 d6 10.Qc2 Bg4 11.Re1 Qd7 12.Bb2 h6 13.h3 Bh5 14.Ne4 Nxe4 15.dxe4 Bg6 
16.Red1 Qe7 17.g3 Bh7 18.Bf1 b6 19.Bg2 Nb8 20.Nd2 Na6 21.Nb1 c6 22.Nc3 Qb7
23.Rab1 Nc7 24.Qe2 Rab8 25.a4 Na6 26.Ba3 Nc5 27.Rb2 1/2-1/2

[Event "I C.to Europeo seniores"]
[Site "Saint Vincent - Chatillon ITA"]
[Date "2001.09.19"]
[Round "5"]
[White "Gruzmann, Boris"]
[Black "Lieb, Harald"]
[Result "1/2-1/2"]
[WhiteElo "2308"]
[BlackElo "2286"]
[PlyCount "91"]
[EventDate "2001.09.15"]

1.e4 e6 2.d4 d5 3.e5 c5 4.c3 Nc6 5.Nf3 Bd7 6.a3 cxd4 7.cxd4 f6 8.Bd3 fxe5 
9.dxe5 g6 10.Nc3 a6 11.h4 Bg7 12.Qe2 Qc7 13.Bf4 Nge7 14.h5 O-O-O 15.h6 Bf8
16.Bg5 Re8 17.g4 d4 18.Ne4 Nd5 19.Nf6 Nxf6 20.Bxf6 Be7 21.Bxh8 Rxh8 22.Rc1
Qa5+ 23.b4 Qxa3 24.O-O Rf8 25.b5 axb5 26.Nxd4 Bc5 27.Nxb5 Qb4 28.Qe4 Kb8 
29.Qxb4 Bxb4 30.f4 Bd2 31.Rb1 Nb4 32.Bc4 Bc6 33.Nd6 Nd5 34.f5 gxf5 35.Nxb7
Kc7 36.Na5 Bxa5 37.gxf5 exf5 38.Rfc1 Bb6+ 39.Kh2 Ne3 40.Bb5 Ng4+ 41.Kg3 
Nxe5 42.Rxc6+ Nxc6 43.Rc1 Rf6 44.Rxc6+ Rxc6 45.Bxc6 Be3 46.Bd5 1/2-1/2

[Event "I C.to Europeo seniores"]
[Site "Saint Vincent - Chatillon ITA"]
[Date "2001.09.19"]
[Round "5"]
[White "Khanukov, Boris"]
[Black "Laco, Giuseppe"]
[Result "1-0"]
[WhiteElo "2313"]
[BlackElo "2167"]
[PlyCount "145"]
[EventDate "2001.09.15"]

1.d4 g6 2.e4 Bg7 3.f4 c6 4.Nf3 d5 5.e5 Bg4 6.Bd3 Qb6 7.c3 Bxf3 8.Qxf3 e6 
9.a4 a5 10.Na3 Bf8 11.O-O h5 12.Nc2 Nh6 13.Rb1 c5 14.Kh1 c4 15.Be2 Qb3 16.
Ne3 Nf5 17.Nxf5 gxf5 18.Bd1 Qb6 19.b3 cxb3 20.Rxb3 Qc7 21.Be2 Nc6 22.Be3 
Be7 23.Rfb1 Nd8 24.Bb5+ Kf8 25.Rc1 Rc8 26.h3 h4 27.c4 Bb4 28.Kh2 Kg7 29.
Rbb1 Ba3 30.Rc2 Qe7 31.c5 Bb4 32.g4 hxg3+ 33.Qxg3+ Kf8 34.Rg2 Qh4 35.Qxh4 
Rxh4 36.Rbg1 Rh8 37.Kg3 Nc6 38.h4 Ne7 39.Rh1 Kg7 40.Kf3+ Kf8 41.h5 Rg8 42.
Bf2 Rxg2 43.Kxg2 Kg8 44.Kf3 Kh7 45.Bh4 Nc6 46.Ke3 Rg8 47.Bg5 Bc3 48.Kd3 
Bb4 49.Rb1 Rc8 50.Ke3 Rb8 51.h6 Re8 52.Be2 Ne7 53.Bh5 Ng6 54.Kd3 Rc8 55.
Rc1 Rc7 56.Rc2 Kg8 57.Ke3 Kh7 58.Be2 Ne7 59.Bf1 Nc6 60.Kd3 Rc8 61.Be2 Be1 
62.Ke3 Bb4 63.Bh5 Rc7 64.Bf6 Rd7 65.Kd3 Be1 66.Rg2 Nb4+ 67.Ke3 Bc3 68.Bd1 
Nc6 69.Rg7+ Kxh6 70.Rg8 Bxd4+ 71.Kd3 Bxe5 72.fxe5 Nxe5+ 73.Bxe5 1-0

[Event "I C.to Europeo seniores"]
[Site "Saint Vincent - Chatillon ITA"]
[Date "2001.09.19"]
[Round "5"]
[White "Klovans, Janis"]
[Black "Murey, Jacob I."]
[Result "1/2-1/2"]
[WhiteElo "2446"]
[BlackElo "2480"]
[PlyCount "110"]
[EventDate "2001.09.15"]

1.e4 c5 2.Nf3 Nc6 3.d4 cxd4 4.Nxd4 e5 5.Nb5 d6 6.N1c3 a6 7.Na3 b5 8.Nd5 
Nf6 9.Bg5 Be7 10.Bxf6 Bxf6 11.c3 Bb7 12.Nc2 Ne7 13.Nce3 Nxd5 14.Nxd5 O-O 
15.Be2 Rc8 16.O-O Rc5 17.b4 Rc8 18.a4 Bxd5 19.Qxd5 Rxc3 20.axb5 axb5 21.
Bxb5 Qb6 22.Rfc1 Rxc1+ 23.Rxc1 Qd4 24.Qxd4 exd4 25.Bd3 g5 26.b5 Rb8 27.Rc6
Kg7 28.Rxd6 Rc8 29.Kf1 Rc3 30.Ke2 Rb3 31.Rd7 Rb2+ 32.Ke1 Be5 33.Bc4 Rb1+ 
34.Ke2 Rb2+ 35.Kf3 g4+ 36.Kxg4 Rxf2 37.Kh3 Rf6 38.g3 Kg6 39.Rd5 Re6 40.b6 
Bb8 41.b7 Rd6 42.Rf5 f6 43.Bd5 Rb6 44.Rf2 Be5 45.Kg2 Kg5 46.Ra2 Kg4 47.h3+
Kg5 48.Kf3 h5 49.Ra8 Kh6 50.g4 hxg4+ 51.Kxg4 Rb1 52.Ra3 Kg6 53.Kf3 Rb2 54.
Rb3 Rxb3+ 55.Bxb3 f5 1/2-1/2

[Event "I C.to Europeo seniores"]
[Site "Saint Vincent - Chatillon ITA"]
[Date "2001.09.19"]
[Round "5"]
[White "Vaisman, Volodia"]
[Black "Vucenovic, Dragomir"]
[Result "0-1"]
[WhiteElo "2398"]
[BlackElo "2275"]
[PlyCount "98"]
[EventDate "2001.09.15"]

1.d4 Nf6 2.c4 g6 3.Nc3 Bg7 4.e4 d6 5.h3 O-O 6.Bg5 c5 7.d5 e6 8.Bd3 Qa5 9.
Ne2 exd5 10.exd5 Nbd7 11.f4 b5 12.O-O bxc4 13.Bxc4 Ba6 14.Bxa6 Qxa6 15.f5 
Rab8 16.Rb1 Rfe8 17.Ng3 Rb4 18.Qc2 Qb7 19.a3 Rd4 20.Nge2 Ne4 21.Bf4 Qc8 
22.Nxe4 Rdxe4 23.Ng3 Rd4 24.Bxd6 Rxd5 25.Bf4 Ne5 26.Rbd1 Qd7 27.fxg6 hxg6 
28.Rxd5 Qxd5 29.Rd1 Qc4 30.Qd2 Nd3 31.Bh6 Bd4+ 32.Kh2 Nxb2 33.Re1 Rxe1 34.
Qxe1 Qe6 35.Qxe6 fxe6 36.Ne2 e5 37.Kg3 Kf7 38.Kf3 Ke6 39.Ke4 Nc4 40.Bc1 
Nd6+ 41.Kf3 Kd5 42.g4 Kc4 43.h4 Kd3 44.Ng3 e4+ 45.Kg2 Nc4 46.h5 gxh5 47.
gxh5 Nd6 48.h6 e3 49.Kf3 Nf7 0-1

[Event "I C.to Europeo seniores"]
[Site "Saint Vincent - Chatillon ITA"]
[Date "2001.09.19"]
[Round "5"]
[White "Weinberg, Emanuele"]
[Black "Schwertel, Johann"]
[Result "1/2-1/2"]
[WhiteElo "1701"]
[BlackElo "2084"]
[PlyCount "47"]
[EventDate "2001.09.15"]

1.d4 d5 2.c4 Nf6 3.Nc3 c6 4.Bg5 e6 5.e3 Be7 6.Nf3 Nbd7 7.Bd3 dxc4 8.Bxc4 
Nd5 9.Bxe7 Qxe7 10.O-O Qb4 11.Nxd5 exd5 12.Bb3 O-O 13.Qd3 Qe7 14.Rac1 Re8 
15.Bc2 g6 16.a3 Nb6 17.Ne5 Bf5 18.Qd2 Bxc2 19.Qxc2 Rab8 20.a4 Nd7 21.Nd3 
Nf6 22.Nc5 b6 23.Nd3 Rbc8 24.Qe2 1/2-1/2

[Event "I C.to Europeo seniores"]
[Site "Saint Vincent - Chatillon ITA"]
[Date "2001.09.20"]
[Round "6"]
[White "Arkhangelsky, Boris"]
[Black "Gruzmann, Boris"]
[Result "1/2-1/2"]
[WhiteElo "2416"]
[BlackElo "2308"]
[PlyCount "142"]
[EventDate "2001.09.15"]

1.d4 Nf6 2.c4 d6 3.Nc3 Bf5 4.g3 c6 5.Bg2 Qa5 6.Bd2 e5 7.e4 Bg4 8.f3 Bc8 9.
b4 Qc7 10.d5 Nbd7 11.Rc1 Be7 12.Nh3 O-O 13.Nf2 a5 14.a3 axb4 15.axb4 Ra3 
16.O-O Qb6 17.Qc2 Qa7 18.Rfe1 Bd8 19.Be3 Bb6 20.Bxb6 Qxb6 21.Qb2 Ra8 22.
Rb1 Ne8 23.Kh1 g6 24.f4 Ng7 25.Nd3 Qd4 26.Rbd1 exf4 27.gxf4 cxd5 28.Ne5 
Qa7 29.Nxd7 Bxd7 30.Nxd5 Be6 31.Ra1 Qb8 32.Nf6+ Kh8 33.Rac1 Qa7 34.f5 Bc8 
35.Ra1 Qb8 36.Rad1 Qc7 37.Qd4 Ra6 38.Nd5 Qd8 39.Rf1 Ra2 40.Nf6 Qe7 41.Nxh7
Kxh7 42.f6 Qe5 43.fxg7 Kxg7 44.Qxd6 Qxd6 45.Rxd6 Rh8 46.Kg1 Rb2 47.b5 Rc2 
48.e5 Rxc4 49.Rxf7+ Kxf7 50.Bd5+ Ke7 51.Bxc4 Rh5 52.Rxg6 Rxe5 53.Kf2 Bd7 
54.b6 Bc6 55.Be2 Re4 56.Rg4 Kd6 57.Rxe4 Bxe4 58.Bf3 Bg6 59.Bxb7 Kc5 60.Ke3
Kxb6 61.Be4 Bf7 62.Kd4 Kc7 63.Ke5 Kd7 64.Kf6 Ke8 65.Kg7 Bh5 66.Bf5 Ke7 67.
h3 Bf7 68.Bg4 Be8 69.h4 Bf7 70.Bf5 Be8 71.Bg6 Bxg6 1/2-1/2

[Event "I C.to Europeo seniores"]
[Site "Saint Vincent - Chatillon ITA"]
[Date "2001.09.20"]
[Round "6"]
[White "Cleal, John"]
[Black "Etmans, Maarten D."]
[Result "1/2-1/2"]
[WhiteElo "1753"]
[BlackElo "2142"]
[PlyCount "48"]
[EventDate "2001.09.15"]

1.e4 Nf6 2.Nc3 d5 3.exd5 Nxd5 4.Nxd5 Qxd5 5.Nf3 g6 6.Be2 Bg7 7.d4 c6 8.O-O
Bg4 9.c3 Nd7 10.h3 Bxf3 11.Bxf3 Qd6 12.Be3 Nb6 13.Qb3 O-O 14.Rad1 Nd5 15.
Rfe1 Nxe3 16.Rxe3 Rab8 17.Rde1 e6 18.Rxe6 Qc7 19.Re7 Qb6 20.Qxb6 axb6 21.
d5 Bf6 22.Rd7 c5 23.Rd6 Bd8 24.Rd7 Bf6 1/2-1/2

[Event "I C.to Europeo seniores"]
[Site "Saint Vincent - Chatillon ITA"]
[Date "2001.09.20"]
[Round "6"]
[White "Csom, Istvan"]
[Black "Chehlov, Aleksander"]
[Result "1-0"]
[WhiteElo "2415"]
[BlackElo "2267"]
[PlyCount "87"]
[EventDate "2001.09.15"]

1.c4 g6 2.Nf3 Bg7 3.d4 Nf6 4.g3 d6 5.Bg2 Nbd7 6.Nc3 O-O 7.O-O e5 8.h3 c6 
9.e4 a6 10.Be3 Re8 11.dxe5 dxe5 12.c5 Qe7 13.b4 Nf8 14.Qc2 Nh5 15.Na4 Be6 
16.Nb6 Rad8 17.Rfe1 h6 18.Bc1 Qc7 19.Bb2 Nd7 20.Nc4 Bxc4 21.Qxc4 Nf8 22.
Bf1 Ne6 23.Qb3 Nd4 24.Bxd4 exd4 25.Rad1 Nf6 26.e5 Nd5 27.Rxd4 Bxe5 28.Rde4
f6 29.Bc4 Kg7 30.Kg2 Nc3 31.Rxe5 fxe5 32.Qxc3 Qe7 33.Nxe5 Qf6 34.Re3 Re7 
35.h4 g5 36.h5 Rde8 37.Ng4 Qxc3 38.Rxc3 Re4 39.Ne3 Kf6 40.Rd3 g4 41.Rd6+ 
Kg5 42.Rg6+ Kxh5 43.Bf7 R8e7 44.Rxg4+ 1-0

[Event "I C.to Europeo seniores"]
[Site "Saint Vincent - Chatillon ITA"]
[Date "2001.09.20"]
[Round "6"]
[White "Dotan, Valeria"]
[Black "Lapienis, Donatas P."]
[Result "1/2-1/2"]
[WhiteElo "2031"]
[BlackElo "2311"]
[PlyCount "88"]
[EventDate "2001.09.15"]

1.Nf3 Nf6 2.c4 g6 3.Nc3 Bg7 4.d4 d6 5.g3 O-O 6.Bg2 Nc6 7.O-O Bf5 8.h3 Ne4 
9.Nxe4 Bxe4 10.e3 e6 11.b3 d5 12.Ba3 Re8 13.cxd5 exd5 14.Rc1 a5 15.Kh2 Nb4
16.Qd2 Bf8 17.Ne1 Bd6 18.Kh1 Qe7 19.Nf3 c6 20.Rc3 Qd7 21.Ne1 Bxg2+ 22.Kxg2
Qf5 23.h4 Re6 24.Rc1 Rae8 25.Bxb4 Bxb4 26.Qc2 Re4 27.Qd1 Qf6 28.Qf3 Qe7 
29.Nd3 Bd2 30.Rcd1 Bb4 31.Rc1 Bd6 32.Nc5 Bxc5 33.Rxc5 Ra8 34.a4 Re6 35.
Rfc1 Rf6 36.Qg4 h5 37.Qd1 Qd7 38.Qc2 Qg4 39.Qd1 Qe4+ 40.Kg1 Qe8 41.Qc2 Re6
42.Qc3 Qd8 43.Qd2 Qb6 44.Qc3 Ra6 1/2-1/2

[Event "I C.to Europeo seniores"]
[Site "Saint Vincent - Chatillon ITA"]
[Date "2001.09.20"]
[Round "6"]
[White "Lieb, Harald"]
[Black "Khanukov, Boris"]
[Result "1-0"]
[WhiteElo "2286"]
[BlackElo "2313"]
[PlyCount "67"]
[EventDate "2001.09.15"]

1.Nf3 Nf6 2.c4 e6 3.g3 d5 4.Bg2 dxc4 5.Qa4+ Bd7 6.Qxc4 Bc6 7.O-O Be7 8.d4 
b5 9.Qd3 O-O 10.Nbd2 Na6 11.a3 Qc8 12.e4 Qb7 13.Ne5 Be8 14.b4 Rd8 15.Qe3 
Nd7 16.Nxd7 Bxd7 17.Bb2 c6 18.Rac1 Bd6 19.Nb3 Bc7 20.Qc3 f6 21.e5 fxe5 22.
dxe5 Bb6 23.Nd4 Bxd4 24.Qxd4 Nc7 25.Qh4 Nd5 26.Be4 h6 27.Bd4 Qc7 28.f4 Be8
29.Bc5 Rf7 30.Qg4 Bd7 31.Qg6 Nf6 32.exf6 Rxf6 33.Qh7+ Kf7 34.Bd4 1-0

[Event "I C.to Europeo seniores"]
[Site "Saint Vincent - Chatillon ITA"]
[Date "2001.09.20"]
[Round "6"]
[White "Murey, Jacob I."]
[Black "Kraidman, Yair"]
[Result "1-0"]
[WhiteElo "2480"]
[BlackElo "2322"]
[PlyCount "85"]
[EventDate "2001.09.15"]

1.d4 d5 2.c4 c6 3.Nc3 Nf6 4.Nf3 e6 5.Bg5 Nbd7 6.cxd5 exd5 7.e3 Bd6 8.Bd3 
h6 9.Bh4 O-O 10.Bg3 Qe7 11.Bxd6 Qxd6 12.O-O Re8 13.Qc2 Qe7 14.Rae1 Ne4 15.
Nd2 Nxd2 16.Qxd2 Nf8 17.f3 Be6 18.e4 dxe4 19.fxe4 Red8 20.Be2 Rd7 21.Rd1 
Rad8 22.Qe3 Qb4 23.a3 Qb6 24.b4 a5 25.Na4 Qa7 26.Nc5 Re7 27.d5 Bxd5 28.Qf2
b6 29.exd5 bxc5 30.dxc6 Rxd1 31.Rxd1 axb4 32.axb4 Qa2 33.Bf3 Qxf2+ 34.Kxf2
cxb4 35.Rd8 g6 36.Rb8 b3 37.Bd5 Kg7 38.Bxb3 g5 39.Rb7 Re8 40.Bxf7 Ra8 41.
Bc4+ Kf6 42.c7 Rc8 43.Ra7 1-0

[Event "I C.to Europeo seniores"]
[Site "Saint Vincent - Chatillon ITA"]
[Date "2001.09.20"]
[Round "6"]
[White "Nussberger, Paolo"]
[Black "Zvorykina, Kira"]
[Result "1/2-1/2"]
[WhiteElo "1707"]
[BlackElo "2109"]
[PlyCount "91"]
[EventDate "2001.09.15"]

1.Nf3 g6 2.d4 Bg7 3.c4 d6 4.e3 f5 5.Be2 Nf6 6.Nc3 O-O 7.O-O Nc6 8.Rb1 e5 
9.b4 e4 10.Nd2 Kh8 11.Qc2 Qe7 12.Nd5 Qf7 13.b5 Nd8 14.Nxf6 Bxf6 15.Bb2 Ne6
16.Nb3 Ng7 17.Qd2 g5 18.f3 exf3 19.gxf3 Bd7 20.d5 Bxb2 21.Rxb2 Rae8 22.Bd3
Qf6 23.Rc2 f4 24.e4 Bh3 25.Rf2 Re5 26.Bf1 g4 27.Bxh3 gxh3 28.Kf1 Nh5 29.
Ke2 Rg8 30.Qd4 Rg1 31.Kd2 Ng3 32.Rc1 Rxc1 33.Nxc1 Rxd5 34.Qxd5 Qb2+ 35.Kd3
Qxf2 36.hxg3 Qxf3+ 37.Kc2 fxg3 38.Qxb7 h2 39.Qc8+ Kg7 40.Qd7+ Kg6 41.Qe6+ 
Qf6 42.Qg4+ Qg5 43.Qe6+ Qf6 44.Qg4+ Kf7 45.Qd7+ Qe7 46.Qf5+ 1/2-1/2

[Event "I C.to Europeo seniores"]
[Site "Saint Vincent - Chatillon ITA"]
[Date "2001.09.20"]
[Round "6"]
[White "Schwertel, Johann"]
[Black "Rahls, Peter"]
[Result "0-1"]
[WhiteElo "2084"]
[BlackElo "2320"]
[PlyCount "76"]
[EventDate "2001.09.15"]

1.d4 c5 2.c3 f5 3.Nf3 d5 4.Bf4 e6 5.e3 Nc6 6.Nbd2 Nf6 7.Ne5 Bd7 8.Be2 Be7 
9.Ndf3 O-O 10.Nxd7 Qxd7 11.Ne5 Nxe5 12.Bxe5 c4 13.O-O Bd6 14.Bxd6 Qxd6 15.
f4 Qe7 16.Qe1 b5 17.a3 a5 18.h3 Ne4 19.Bf3 Nd6 20.Qd2 Rfb8 21.Rfb1 Ra7 22.
Bd1 Kf7 23.Bc2 Rab7 24.Kh2 h6 25.Rg1 b4 26.axb4 axb4 27.Rgb1 g5 28.Qe1 h5 
29.Bd1 g4 30.h4 bxc3 31.Ra2 Ne4 32.Bc2 g3+ 33.Kh3 Rg8 34.Bxe4 Rg4 35.Qxg3 
Rxg3+ 36.Kxg3 fxe4 37.Kh3 Kf6 38.g3 Qg7 0-1

[Event "I C.to Europeo seniores"]
[Site "Saint Vincent - Chatillon ITA"]
[Date "2001.09.20"]
[Round "6"]
[White "Semasev, Kim"]
[Black "Cibulka, Vladimir"]
[Result "0-1"]
[WhiteElo "2300"]
[BlackElo "2321"]
[PlyCount "78"]
[EventDate "2001.09.15"]

1.e4 e6 2.d4 d5 3.Nd2 Nf6 4.e5 Ne4 5.Bd3 Nxd2 6.Bxd2 c5 7.c3 Nc6 8.Nf3 
cxd4 9.cxd4 Be7 10.O-O Bd7 11.Rc1 Qb6 12.Be3 h6 13.Qd2 Nb4 14.Bb1 Bb5 15.
Rfd1 Kd7 16.Rc3 Rhc8 17.Rdc1 Rxc3 18.Qxc3 Nc6 19.Qc2 Rh8 20.h4 g5 21.hxg5 
hxg5 22.Qd2 g4 23.Nh2 Bb4 24.Qd1 g3 25.Nf3 gxf2+ 26.Bxf2 Be7 27.Bd3 Bxd3 
28.Qxd3 a6 29.Qd2 Qa5 30.Qxa5 Nxa5 31.Kf1 Nc4 32.Rc2 Rh1+ 33.Ke2 Rb1 34.b3
Na3 35.Rd2 Bb4 36.Rd3 Rb2+ 37.Kf1 Ke8 38.Ng5 Rxa2 39.Rf3 Nb1 0-1

[Event "I C.to Europeo seniores"]
[Site "Saint Vincent - Chatillon ITA"]
[Date "2001.09.20"]
[Round "6"]
[White "Tatai, Stefano"]
[Black "Klovans, Janis"]
[Result "1/2-1/2"]
[WhiteElo "2350"]
[BlackElo "2446"]
[PlyCount "29"]
[EventDate "2001.09.15"]

1.e4 e5 2.Nf3 Nc6 3.Bb5 a6 4.Ba4 d6 5.c3 Nf6 6.d4 Bd7 7.Nbd2 g6 8.O-O Bg7 
9.Re1 O-O 10.dxe5 Nxe5 11.Nxe5 dxe5 12.Nf1 Bxa4 13.Qxa4 Qd7 14.Qxd7 Nxd7 
15.Be3 1/2-1/2

[Event "I C.to Europeo seniores"]
[Site "Saint Vincent - Chatillon ITA"]
[Date "2001.09.21"]
[Round "7"]
[White "Chehlov, Aleksander"]
[Black "Arkhangelsky, Boris"]
[Result "1/2-1/2"]
[WhiteElo "2267"]
[BlackElo "2416"]
[PlyCount "119"]
[EventDate "2001.09.15"]

1.e4 c5 2.Nf3 e6 3.c3 Nf6 4.e5 Nd5 5.d4 cxd4 6.cxd4 b6 7.Nc3 Nxc3 8.bxc3 
Qc7 9.Bd2 Bb7 10.Bd3 d6 11.O-O Nd7 12.exd6 Bxd6 13.h3 O-O 14.Re1 Rac8 15.
Rc1 Bf4 16.Be3 Bxe3 17.Rxe3 Nf6 18.Ne5 Bd5 19.Qe2 Rcd8 20.f4 Bb7 21.Rg3 
Rxd4 22.Rf1 Rd5 23.Kh2 Kh8 24.c4 Rd4 25.Re3 Rfd8 26.Kh1 g6 27.Qf2 Be4 28.
Qh4 Kg7 29.Bxe4 Rxe4 30.Ng4 Nxg4 31.Rxe4 Nf6 32.Ree1 Qxc4 33.Qf2 Qd4 34.
Qc2 Qd2 35.Qa4 Rd4 36.Qxa7 Nh5 37.Qxb6 Ng3+ 38.Kg1 Nxf1 39.Rxf1 Rxf4 40.
Rxf4 Qxf4 41.Qb2+ e5 42.Qa1 f6 43.a4 e4 44.Qd4 Qc1+ 45.Kf2 Qc2+ 46.Kg1 g5 
47.a5 Qb1+ 48.Kf2 Qa2+ 49.Kf1 Qxa5 50.Qxe4 Qe5 51.Qb7+ Kg6 52.Qb3 Qe8 53.
Qb1+ Kg7 54.Qb7+ Qf7 55.Qb2 Qd7 56.Kg1 h5 57.Qc3 g4 58.hxg4 hxg4 59.Kf2 
Qd6 60.Qe3 1/2-1/2

[Event "I C.to Europeo seniores"]
[Site "Saint Vincent - Chatillon ITA"]
[Date "2001.09.21"]
[Round "7"]
[White "Cibulka, Vladimir"]
[Black "Tatai, Stefano"]
[Result "0-1"]
[WhiteElo "2321"]
[BlackElo "2350"]
[PlyCount "88"]
[EventDate "2001.09.15"]

1.d4 Nf6 2.Nf3 g6 3.Bf4 Bg7 4.e3 b6 5.h3 Bb7 6.Be2 O-O 7.O-O d6 8.a4 a6 9.
c4 a5 10.Nc3 Na6 11.Rc1 Nd7 12.Qd2 e6 13.Rfd1 Qe8 14.Nb5 Qb8 15.h4 Nf6 16.
Qe1 h6 17.Nd2 Re8 18.Nf3 Ne4 19.Nd2 e5 20.Bh2 exd4 21.exd4 h5 22.Nxe4 Bxe4
23.f3 Bc6 24.Bf4 Bf6 25.g3 Qb7 26.d5 Bxb5 27.axb5 Nc5 28.Rc2 Qc8 29.Qf2 
Qf5 30.Bf1 Bxh4 31.Qh2 Bg5 32.Bh3 Qf6 33.Bxg5 Qxg5 34.f4 Qe7 35.Qf2 Qe3 
36.Bg2 f5 37.Rdd2 Re7 38.Re2 Qxf2+ 39.Kxf2 Rae8 40.Bf3 Nd3+ 41.Kf1 Re3 42.
Rxe3 Rxe3 43.Re2 Rxe2 44.Bxe2 Nxb2 0-1

[Event "I C.to Europeo seniores"]
[Site "Saint Vincent - Chatillon ITA"]
[Date "2001.09.21"]
[Round "7"]
[White "Klovans, Janis"]
[Black "Csom, Istvan"]
[Result "0-1"]
[WhiteElo "2446"]
[BlackElo "2415"]
[PlyCount "36"]
[EventDate "2001.09.15"]

1.e4 c6 2.d4 g6 3.Nc3 Bg7 4.f4 d6 5.Nf3 Bg4 6.Be3 d5 7.e5 Qb6 8.Rb1 Nh6 9.
h3 Nf5 10.Bf2 Bxf3 11.Qxf3 Nd7 12.b4 e6 13.g4 Ne7 14.Bd3 f5 15.Na4 Qc7 16.
b5 Qa5+ 17.Ke2 Qxa4 18.Rb3 Rc8 0-1

[Event "I C.to Europeo seniores"]
[Site "Saint Vincent - Chatillon ITA"]
[Date "2001.09.21"]
[Round "7"]
[White "Kraidman, Yair"]
[Black "Dotan, Valeria"]
[Result "1/2-1/2"]
[WhiteElo "2322"]
[BlackElo "2031"]
[PlyCount "154"]
[EventDate "2001.09.15"]

1.d4 Nf6 2.c4 e6 3.Nf3 b6 4.g3 Ba6 5.Nbd2 Bb7 6.Bg2 c5 7.O-O cxd4 8.b3 d6 
9.Nxd4 Bxg2 10.Kxg2 d5 11.Bb2 Be7 12.Rc1 O-O 13.Qc2 Qd7 14.cxd5 Qxd5+ 15.
e4 Qb7 16.Rfd1 Rd8 17.f3 Ne8 18.Nc4 Na6 19.Nb5 Rac8 20.Rxd8 Rxd8 21.a3 h6 
22.Rd1 Rxd1 23.Qxd1 Nb8 24.e5 Nc6 25.Qd2 Bg5 26.Qd3 Be7 27.h4 Bc5 28.b4 
Bf8 29.Qe4 Qd7 30.Nd4 Nxd4 31.Bxd4 Qb5 32.Bf2 Nc7 33.Ne3 Qa4 34.Qb7 Nb5 
35.Qd7 Nc3 36.Qxa4 Nxa4 37.Nc4 Be7 38.Bd4 h5 39.Kf2 Kf8 40.Ke2 Ke8 41.Kd3 
g6 42.Kc2 Kd7 43.Ne3 a6 44.Kb3 b5 45.Kc2 Kc6 46.Kd3 Nb6 47.Bb2 Nd5 48.Nc2 
Nb6 49.Ke4 Nc4 50.Bc1 Kc7 51.f4 Kc6 52.Nd4+ Kb6 53.Kf3 Bd8 54.Ke4 Be7 55.
Kd3 Kb7 56.Ne2 Kb6 57.Nc3 Kc6 58.Kc2 Nb6 59.Ne4 Nd5 60.Kd3 Kb6 61.Bb2 Kc6 
62.Bd4 a5 63.bxa5 Bxa3 64.Ng5 Bb4 65.Bf2 Bxa5 66.Nxf7 Ne7 67.Ke4 Bc7 68.
Ng5 Nf5 69.Be1 Ne7 70.Nf7 Nf5 71.Nh8 b4 72.Bxb4 Nxg3+ 73.Kf3 Nf5 74.Nxg6 
Kd5 75.Ne7+ Nxe7 76.Bxe7 Bb8 77.Bd8 Ba7 1/2-1/2

[Event "I C.to Europeo seniores"]
[Site "Saint Vincent - Chatillon ITA"]
[Date "2001.09.21"]
[Round "7"]
[White "Lapienis, Donatas P."]
[Black "Lieb, Harald"]
[Result "1-0"]
[WhiteElo "2311"]
[BlackElo "2286"]
[PlyCount "65"]
[EventDate "2001.09.15"]

1.d4 d5 2.c4 c6 3.Nf3 Nf6 4.Nc3 dxc4 5.a4 Bg4 6.Ne5 Bh5 7.h3 Nfd7 8.Nxc4 
e6 9.g4 Bg6 10.Bg2 Be7 11.a5 Qc7 12.O-O Na6 13.e4 Nb4 14.f4 f6 15.f5 Bf7 
16.fxe6 Bxe6 17.Bf4 Ne5 18.Nxe5 fxe5 19.Bxe5 Bd6 20.Bxd6 Qxd6 21.e5 Qd7 
22.Ne4 O-O-O 23.Nd6+ Kb8 24.Qd2 Nd5 25.a6 b6 26.Rf2 Rdf8 27.Raf1 Rxf2 28.
Qxf2 h5 29.Qf8+ Rxf8 30.Rxf8+ Kc7 31.Ne8+ Kb8 32.Nf6+ Qc8 33.Rxc8+ 1-0

[Event "I C.to Europeo seniores"]
[Site "Saint Vincent - Chatillon ITA"]
[Date "2001.09.21"]
[Round "7"]
[White "Neri, Angelo"]
[Black "Hocevar, Nikola"]
[Result "1/2-1/2"]
[WhiteElo "2006"]
[BlackElo "2169"]
[PlyCount "25"]
[EventDate "2001.09.15"]

1.e4 c5 2.Nf3 Nc6 3.c4 g6 4.d4 cxd4 5.Nxd4 Bg7 6.Nxc6 bxc6 7.Qc2 Nf6 8.Bd3
O-O 9.Nc3 d6 10.O-O Nd7 11.Rb1 Nc5 12.b4 Nxd3 13.Qxd3 1/2-1/2

[Event "I C.to Europeo seniores"]
[Site "Saint Vincent - Chatillon ITA"]
[Date "2001.09.21"]
[Round "7"]
[White "Nussberger, Paolo"]
[Black "Perman, Torvald"]
[Result "1/2-1/2"]
[WhiteElo "1707"]
[BlackElo "2130"]
[PlyCount "55"]
[EventDate "2001.09.15"]

1.d4 Nf6 2.Nf3 e6 3.e3 b6 4.Bd3 Bb7 5.O-O Be7 6.c4 O-O 7.b3 Ne4 8.Nfd2 f5 
9.Bb2 Bf6 10.Nc3 Nxc3 11.Bxc3 c5 12.Rc1 Nc6 13.Nf3 Qe8 14.d5 Ne7 15.dxe6 
dxe6 16.Be2 Rd8 17.Qc2 Nc6 18.Rfd1 Qe7 19.Qb2 Bxc3 20.Qxc3 Rxd1+ 21.Rxd1 
Rd8 22.Rxd8+ Qxd8 23.Qd2 Qxd2 24.Nxd2 Nb4 25.a4 Kf7 26.Bf3 Bxf3 27.Nxf3 
Kf6 28.Kf1 1/2-1/2